Automotive Mechanics (Record no. 188144)

MARC details
000 -LEADER
fixed length control field 00484nam a2200205Ia 4500
008 - FIXED-LENGTH DATA ELEMENTS--GENERAL INFORMATION
fixed length control field 240823s9999||||xx |||||||||||||| ||und||
020 ## - INTERNATIONAL STANDARD BOOK NUMBER
International Standard Book Number 978-0-07-063535-1
082 ## - DEWEY DECIMAL CLASSIFICATION NUMBER
-- 629.132362 P7
100 ## - MAIN ENTRY--PERSONAL NAME
Personal name Willam H Crouse
245 #0 - TITLE STATEMENT
Title Automotive Mechanics
250 ## - EDITION STATEMENT
Edition statement 10th
260 ## - PUBLICATION, DISTRIBUTION, ETC. (IMPRINT)
Date of publication, distribution, etc 2010
Name of publisher, distributor, etc #VALUE!
500 ## - GENERAL NOTE
General note TRANSFERED
650 ## - SUBJECT ADDED ENTRY--TOPICAL TERM
Topical term or geographic name as entry element Mechanics
700 ## - ADDED ENTRY--PERSONAL NAME
Personal name Donald L Anglin
942 ## - ADDED ENTRY ELEMENTS (KOHA)
Item type Books
Holdings
Withdrawn status Lost status Damaged status Permanent location Current location Shelving location Date acquired Source of acquisition Cost, normal purchase price Full call number Barcode Date last seen Koha item type
      CENTRAL LIBRARY, NOORUL ISLAM CENTRE FOR HIGHER EDUCATION CENTRAL LIBRARY, NOORUL ISLAM CENTRE FOR HIGHER EDUCATION   09/22/2011 Tamil Nadu Book House 575.00 629.132362 P7 40594 08/23/2024 Books
Visitors:
Copyright © 2024 Central Library NICHE.  All rights reserved.